[Event "GBR-ch110 Over 65"]
[Site "Hull"]
[Date "2024.08.04"]
[Round "7.16"]
[White "Bellers, Chris JV"]
[Black "Lawson, Maurice E"]
[Result "1/2-1/2"]
[WhiteElo "1933"]
[BlackElo "1953"]
[PlyCount "37"]
[EventDate "2024.07.29"]
[EventType "swiss"]
[EventRounds "7"]
[EventCountry "GBR"]
[SourceTitle "BritBase"]
[Source "John Saunders"]
[SourceDate "2025.02.20"]
[SourceVersion "1"]
[SourceVersionDate "2025.02.20"]
[SourceQuality "1"]

1. c4 e5 2. g3 Nc6 3. Nc3 d6 4. Bg2 Be6 5. d3 Qd7 6. Nd5 Nd8 7. e4 g6 8. Ne2 c6 9. Ne3 Bh3 10. O-O Bxg2 11. Kxg2 Bg7 12. f4 f6 13. d4 Nf7 14. b4 Ne7 15. Bb2 O-O 16. Qd3 Rad8 17. Rad1 Qc8 18. f5 g5 19. g4 1/2-1/2

[Event "GBR-ch110 Over 65"]
[Site "Hull"]
[Date "2024.08.04"]
[Round "7.17"]
[White "Walkowiak, Adam"]
[Black "Kelly, Ian G"]
[Result "0-1"]
[WhiteElo "1722"]
[BlackElo "1973"]
[PlyCount "95"]
[EventDate "2024.07.29"]
[EventType "swiss"]
[EventRounds "7"]
[EventCountry "GBR"]
[SourceTitle "BritBase"]
[Source "John Saunders"]
[SourceDate "2025.02.20"]
[SourceVersion "1"]
[SourceVersionDate "2025.02.20"]
[SourceQuality "1"]

1. d4 Nf6 2. c4 c5 3. d5 e6 4. Nc3 exd5 5. cxd5 d6 6. e4 g6 7. Bb5+ Bd7 8. a4 Bg7 9. f4 O-O 10. e5 Nh5 11. Nf3 Bg4 12. O-O dxe5 13. h3 Bxf3 14. Qxf3 Nxf4 15. d6 Nc6 16. Bxc6 bxc6 17. Rd1 Qb6 18. Be3 Ne6 19. Ne4 Nd4 20. Nf6+ Kh8 21. Bxd4 cxd4 22. Nd7 Qa6 23. Nxf8 Rxf8 24. Rac1 Qxa4 25. Qxc6 Qxc6 26. Rxc6 Rd8 27. d7 Bf6 28. Rc7 e4 29. Kf2 Kg7 30. Rxa7 Be7 31. Rc1 d3 32. Rc8 Kf6 33. Rc6+ Ke5 34. Rc8 Ke6 35. Rxd8 Bxd8 36. Rb7 Kd6 37. g4 Kc6 38. Rb4 f5 39. gxf5 gxf5 40. Ra4 Kxd7 41. Ra7+ Ke6 42. Rxh7 Bb6+ 43. Kf1 Ke5 44. Rb7 Bd4 45. b4 e3 46. b5 e2+ 47. Ke1 Bc3+ 48. Kf2 0-1

[Event "GBR-ch110 Over 65"]
[Site "Hull"]
[Date "2024.08.04"]
[Round "7.18"]
[White "Clancy, Martin J"]
[Black "Vickery, Jim E"]
[Result "1/2-1/2"]
[WhiteElo "1815"]
[BlackElo "1923"]
[PlyCount "34"]
[EventDate "2024.07.29"]
[EventType "swiss"]
[EventRounds "7"]
[EventCountry "GBR"]
[SourceTitle "BritBase"]
[Source "John Saunders"]
[SourceDate "2025.02.20"]
[SourceVersion "1"]
[SourceVersionDate "2025.02.20"]
[SourceQuality "1"]

1. e4 Nf6 2. e5 Nd5 3. d4 d6 4. c4 Nb6 5. exd6 cxd6 6. Nc3 g6 7. Be3 Bg7 8. Nf3 O-O 9. h3 Nc6 10. Rc1 d5 11. b3 dxc4 12. bxc4 e5 13. d5 Ne7 14. Be2 Nd7 15. O-O Nf5 16. Bg5 f6 17. Bd2 Nc5 1/2-1/2

[Event "GBR-ch110 Over 65"]
[Site "Hull"]
[Date "2024.08.04"]
[Round "7.19"]
[White "Ramage, Colin R"]
[Black "Jerome, Stellio"]
[Result "1-0"]
[WhiteElo "1884"]
[BlackElo "1665"]
[PlyCount "95"]
[EventDate "2024.07.29"]
[EventType "swiss"]
[EventRounds "7"]
[EventCountry "GBR"]
[SourceTitle "BritBase"]
[Source "John Saunders"]
[SourceDate "2025.02.20"]
[SourceVersion "1"]
[SourceVersionDate "2025.02.20"]
[SourceQuality "1"]

1. e4 e6 2. d4 d5 3. Be3 c5 4. exd5 cxd4 5. dxe6 Qa5+ 6. Bd2 Qe5+ 7. Be2 Qxe6 8. Nf3 Bc5 9. O-O Qb6 10. b4 Bxb4 11. Bxb4 Qxb4 12. Nbd2 Nf6 13. Rb1 Qd6 14. Bb5+ Nc6 15. Re1+ Be6 16. Bc4 O-O 17. Bxe6 fxe6 18. Rxb7 e5 19. Nc4 Qd5 20. Ncd2 e4 21. Nh4 Ne5 22. Rb3 Neg4 23. Nxe4 Nxe4 24. Qxg4 Nxf2 25. Qe6+ Qxe6 26. Rxe6 Ng4 27. Re7 Ne3 28. Nf3 Nf5 29. Rd7 Rac8 30. Nxd4 Nxd4 31. Rxd4 Rxc2 32. h4 Rcf2 33. Rd7 a6 34. Rbb7 R2f7 35. Rxf7 Rxf7 36. Rb6 Ra7 37. a4 Kf7 38. a5 g6 39. Kf2 Kg7 40. Kg3 h5 41. Kf4 Rf7+ 42. Ke3 Rf6 43. Rxf6 Kxf6 44. Kd4 Ke6 45. Kc5 Kd7 46. Kb6 Kd6 47. Kxa6 Kc6 48. g3 1-0

[Event "GBR-ch110 Over 65"]
[Site "Hull"]
[Date "2024.08.04"]
[Round "7.20"]
[White "Pickersgill, Adrian O"]
[Black "Georgiou, Denis"]
[Result "0-1"]
[WhiteElo "1974"]
[BlackElo "1854"]
[PlyCount "42"]
[EventDate "2024.07.29"]
[EventType "swiss"]
[EventRounds "7"]
[EventCountry "GBR"]
[SourceTitle "BritBase"]
[Source "John Saunders"]
[SourceDate "2025.02.20"]
[SourceVersion "1"]
[SourceVersionDate "2025.02.20"]
[SourceQuality "1"]

1. e4 c5 2. Nc3 Nc6 3. f4 g6 4. Nf3 Bg7 5. Bb5 Nd4 6. O-O a6 7. Bd3 d6 8. Ne2 b5 9. c3 Nxf3+ 10. Rxf3 c4 11. Bc2 Bb7 12. d4 f5 13. Ng3 Nf6 14. Re3 Ng4 15. Re1 e5 16. exf5 Qh4 17. Qd2 Qxh2+ 18. Kf1 Qxg3 19. Be4 Bxe4 20. Rxe4 Nh2+ 21. Ke2 Qxg2+ 0-1

[Event "GBR-ch110 Over 65"]
[Site "Hull"]
[Date "2024.08.04"]
[Round "7.21"]
[White "Stevens, Brian"]
[Black "Pugh, Glyn D"]
[Result "1/2-1/2"]
[WhiteElo "1812"]
[BlackElo "1856"]
[PlyCount "65"]
[EventDate "2024.07.29"]
[EventType "swiss"]
[EventRounds "7"]
[EventCountry "GBR"]
[SourceTitle "BritBase"]
[Source "John Saunders"]
[SourceDate "2025.02.20"]
[SourceVersion "1"]
[SourceVersionDate "2025.02.20"]
[SourceQuality "1"]

1. e4 d5 2. exd5 Qxd5 3. Nf3 Bg4 4. Be2 Nc6 5. h3 Bxf3 6. Bxf3 Qe6+ 7. Qe2 Nd4 8. Qxe6 Nxf3+ 9. gxf3 fxe6 10. d3 g6 11. Bd2 Bg7 12. Bc3 Nf6 13. Nd2 O-O 14. O-O-O Nd5 15. Bxg7 Kxg7 16. Rde1 Nf4 17. h4 Rf5 18. Ne4 Rd8 19. Ng3 Rf6 20. Rhg1 Rd5 21. Ne4 Rff5 22. Ng3 Rf7 23. Rh1 Ra5 24. a3 Kf8 25. Ne4 h6 26. Nd2 Rh5 27. Re4 a6 28. Ree1 Ke8 29. Kd1 Kd7 30. Reg1 b5 31. Ne4 Kc6 32. Kd2 Kb6 33. Ra1 1/2-1/2

[Event "GBR-ch110 Over 65"]
[Site "Hull"]
[Date "2024.08.04"]
[Round "7.22"]
[White "Sheppard, Derek A"]
[Black "Tidmarsh, David A"]
[Result "1-0"]
[WhiteElo "1785"]
[BlackElo "1839"]
[PlyCount "39"]
[EventDate "2024.07.29"]
[EventType "swiss"]
[EventRounds "7"]
[EventCountry "GBR"]
[SourceTitle "BritBase"]
[Source "John Saunders"]
[SourceDate "2025.02.20"]
[SourceVersion "1"]
[SourceVersionDate "2025.02.20"]
[SourceQuality "1"]

1. d4 d5 2. Nf3 Nf6 3. c4 e6 4. g3 b6 5. Bg2 Bb7 6. O-O Be7 7. Qc2 dxc4 8. Qxc4 Nbd7 9. Rd1 O-O 10. Nc3 c6 11. Bg5 Nd5 12. Bxe7 Qxe7 13. Rac1 Nxc3 14. Rxc3 c5 15. Qd3 Rfc8 16. Ng5 Qxg5 17. Bxb7 Rab8 18. Bxc8 Rxc8 19. dxc5 Nxc5 20. b4 1-0

[Event "GBR-ch110 Over 65"]
[Site "Hull"]
[Date "2024.08.04"]
[Round "7.23"]
[White "Di Mattia, Luciano DM"]
[Black "Collins, Nigel"]
[Result "1/2-1/2"]
[WhiteElo "1674"]
[BlackElo "1631"]
[PlyCount "66"]
[EventDate "2024.07.29"]
[EventType "swiss"]
[EventRounds "7"]
[EventCountry "GBR"]
[SourceTitle "BritBase"]
[Source "John Saunders"]
[SourceDate "2025.02.20"]
[SourceVersion "1"]
[SourceVersionDate "2025.02.20"]
[SourceQuality "1"]

1. e4 c5 2. Nf3 d6 3. d4 cxd4 4. Nxd4 Nf6 5. Nc3 a6 6. Be2 e5 7. Nb3 Be7 8. O-O b5 9. f4 Bb7 10. Bf3 Nbd7 11. Kh1 Rc8 12. Nd5 Nxd5 13. exd5 Nf6 14. c3 e4 15. Bg4 Nxg4 16. Qxg4 O-O 17. Qf5 Re8 18. Qxe4 Bf6 19. Qd3 Qb6 20. Bd2 Rc7 21. Rae1 Rxe1 22. Rxe1 Re7 23. Rxe7 Bxe7 24. Be3 Qd8 25. c4 bxc4 26. Qxc4 Qa8 27. Qc7 Bd8 28. Qxd6 Bxd5 29. Bc5 Bxg2+ 30. Kg1 Bf6 31. Qf8+ Qxf8 32. Bxf8 Kxf8 33. Kxg2 Bxb2 1/2-1/2